Every Current Roller Coaster At Six Flags Magic Mountain 2025 - Statistics

General Stats
  • This quiz has been taken 75 times
  • The average score is 13 of 20
Answer Stats
Release Answer % Correct
2000 Goliath
92%
2015 Twisted Colossus
90%
1990 Viper
90%
2020 West Coast Racers
88%
2002 X2
88%
1994 Batman
86%
2006 Tatsu
86%
2003 Scream
78%
2009 Apocalypse
76%
2013 Full Throttle
76%
1998 Riddler's Revenge
76%
1988 Ninja
71%
1976 New Revolution
63%
1971 Gold Rusher
57%
2022 Wonder Woman Flight of Courage
57%
1997 Superman: Escape from Krypton
53%
2011 Road Runner
33%
1999 Canyon Blaster
27%
1971 Magic Flyer
27%
2014 Speedy Gonzalez Hot Rod Racers
25%
No matching quizzes found
Score Distribution
Percent of People with Each Score
Percentile by Number Answered
Your Score History
You have not taken this quiz